000 00300nam a2200133Ia 4500
008 191201s2009 xx 000 0 und d
100 _aSIDHPURIA, Manish V
245 0 _aRetail Franchising
250 _aEd
260 _aNew Delhi
_bTMH
_c2009
300 _a180
650 _aBBA
942 _2ddc
_cBK
_01
999 _c5961
_d5961